Normal view
MARC view
- Abbasi,Aimon Shakeel & Kharal,Muhammad Nauraiz
Entry Personal Name
001 - CONTROL NUMBER
- control field: 4916
003 - CONTROL NUMBER IDENTIFIER
- control field: NUST
005 - DATE AND TIME OF LATEST TRANSACTION
- control field: 20170922162306.0
008 - FIXED-LENGTH DATA ELEMENTS
- fixed length control field: 170922|| aca||aabn | a|a d
040 ## - CATALOGING SOURCE
- Original cataloging agency: NUST
- Transcribing agency: NUST
100 ## - HEADING--PERSONAL NAME
- Personal name: Abbasi,Aimon Shakeel & Kharal,Muhammad Nauraiz
670 ## - SOURCE DATA FOUND
- Source citation: Work cat.: (NUST): Abbasi,Aimon Shakeel & Kharal,Muhammad Nauraiz, Supply response of major crops in Pakistan: An analysis of cotton, rice, sugarcane and wheat(1980-81 to 2013-14), 2015
